|
|
|
|
| LEADER |
01483cas a2200205 a 4500 |
| 001 |
AALejournalIMF010905 |
| 008 |
230101c9999 xx r poo 0 0eng d |
| 020 |
|
|
|z 9781557753793
|
| 040 |
|
|
|a BD-DhAAL
|c BD-DhAAL
|
| 100 |
1 |
|
|a Premchand, A.
|
| 240 |
1 |
0 |
|a Public Expenditure Management.
|l Russian
|
| 245 |
1 |
0 |
|a Public Expenditure Management /
|c A. Premchand.
|
| 264 |
|
1 |
|a Washington, D.C. :
|b International Monetary Fund,
|c 1994.
|
| 300 |
|
|
|a 1 online resource (280 pages)
|
| 500 |
|
|
|a <strong>Off-Campus Access:</strong> No User ID or Password Required
|
| 500 |
|
|
|a <strong>On-Campus Access:</strong> No User ID or Password Required
|
| 506 |
|
|
|a Electronic access restricted to authorized BRAC University faculty, staff and students
|
| 520 |
3 |
|
|a This book, by A. Premchand, Assistant Director, IMF's Fiscal Affairs Department, provides a comprehensive discussion of the expenditure process in public authorities from a management perspective. It covers the various aspects, ranging from budget formulation to the courteous delivery of services to the public. In each, it considers the critical issues faced in industrial and developing countries and former centrally planned economies and discusses the efforts necessary to assure the public about the adequacy of public expenditure management machinery.
|
| 538 |
|
|
|a Mode of access: Internet
|
| 856 |
4 |
0 |
|z Full text available on IMF
|u http://elibrary.imf.org/view/books/071/05487-9781557753793-ru/05487-9781557753793-ru-book.xml
|z IMF e-Library
|